La Perla del río Rojo / (Registro nro. 12834)

Detalles MARC
000 -LIDER
fixed length control field 00752nam a22002177a 4500
003 - IDENTIFICACDOR DE NÚMERO DE CONTROL
control field DO-SdBNP
005 - DATE AND TIME OF LATEST TRANSACTION
control field 20171130104801.0
008 - ELEMENTOS DE LONGITUD FIJA
fixed length control field 171109b 1967 sp ||||| |||| 00| 0 spa d
040 ## - FUENTE DE CATALOGACIÓN
Agencia que crea de manera original el registro BPMSU
Idioma de catalogación sp
Agencia que realiza la transcripción BPMSU
092 ## - LOCALLY ASSIGNED DEWEY DECIMAL CALL NUMBER
Número de clasificación xxxx
Número de ítem (Cutter) xxxx
240 ## - TITULO UNIFORME
Título uniforme Gemma del fiume rosso.
Idioma de una obra Español
245 10 - MENCIÓN DE TITULO
Título La Perla del río Rojo /
Mención de responsabilidad Emilio Salgari ; traducción: Carlos González Castresana ; cubierta y dibujos a pluma: Antonio Soler Pedret.
260 ## - PUBLICACIÓN, DISTRIBUCIÓN, ETC. (PIE DE IMPRENTA)
Lugar de publicación, distribución, etc Barcelona :
Nombre del editor, distribuidor, etc. Mateu,
Fecha de publicación, distribución, etc 1967.
300 ## - DESCRIPCIÓN FÍSICA
Extensión 266 p. :
Otros detalles físicos il. ;
Dimensiones 18 cm.
490 1# - MENCIÓN DE SERIES
Mención de serie Salgari, Emilio
Volume/sequential designation 12
700 12 - ASIENTO SECUNDARIO -- NOMBRE PERSONAL
Nombre personal González Castresana, Carlos,
Mención de responsabilidad tr.
830 #0 - ASIENTO SECUNDARIO DE SERIE--TÍTULO UNIFORME
Título uniforme Salgari, Emilio
Volume number/sequential designation 12
942 ## - ADDED ENTRY ELEMENTS (KOHA)
Source of classification or shelving scheme Dewey Decimal Classification
Koha item type Libros
945 ## - INFORMACIÓN DE PROCESAMIENTO LOCAL
Información de procesamiento local Inventariado extranjero /2017 BT
956 ## - LOCAL ELECTRONIC LOCATION AND ACCESS (OCLC)
Nombre de host LOPEREZ
Número de acceso 10
Información de compresión 20171109
Trayectoria 0041
Existencias
Withdrawn status Lost status Source of classification or shelving scheme Damaged status Not for loan Collection code Home library Current library Date acquired Source of acquisition Total Checkouts Barcode Date last seen Price effective from Koha item type
    Dewey Decimal Classification     Colección General Biblioteca Pública Metropolitana Salomé Ureña Biblioteca Pública Metropolitana Salomé Ureña 11/09/2017 FUNDI   BPMSU17110128 11/09/2017 11/09/2017 Libros